Les films dans lesquels a joué Hugh Grant - Statistiques

Statistiques générales
  • Ce quiz a été pris 7 fois
  • Le résultat moyen est 5 sur 47
Statistiques - réponses
Année de sortie Film % Correct
1994 Quatre mariages et un enterrement
100%
1999 Coup de foudre à Notting Hill
83%
2001 Le Journal de Bridget Jones
67%
2003 Love Actually
67%
2023 Wonka
50%
2025 Bridget Jones : Folle de lui
33%
2004 Bridget Jones : L'Âge de raison
33%
2024 Heretic
33%
2002 Pour un garçon
33%
2007 Le Come-Back
17%
1995 Raisons et Sentiments
17%
2015 Agents très spéciaux : Code UNCLE
0%
2006 American Dreamz
0%
1995 An Awfully Big Adventure
0%
2012 Cloud Atlas
0%
2009 Où sont passés les Morgan ?
0%
2023 Donjons et Dragons : L'Honneur des voleurs
0%
2000 Escrocs mais pas trop
0%
2016 Florence Foster Jenkins
0%
2022 Glass Onion : Une histoire à couteaux tirés
0%
1991 Impromptu
0%
2010 I'm Still Here
0%
2002 L'Amour sans préavis
0%
1995 L'Anglais qui gravit une colline mais descendit une montagne
0%
1988 La Nuit bengali
0%
1995 Le Don du roi
0%
1988 Le Repaire du ver blanc
0%
2014 Les Mots pour lui dire
0%
1993 Les Vestiges du jour
0%
1992 Lunes de fiel
0%
1987 Maurice
0%
1996 Mesure d'urgence
0%
1999 Mickey les yeux bleus
0%
1995 Neuf Mois aussi
0%
2023 Operation Fortune: Ruse de guerre
0%
2017 Paddington 2
0%
2024 Paddington au Pérou
0%
1982 Privileged
0%
1988 Remando al viento
0%
1993 Sirènes
0%
1987 Sur la route de Nairobi
0%
1990 The Big Man
0%
1988 The Dawning
0%
2020 The Gentlemen
0%
1993 Train de nuit pour Venise
0%
2005 Travaux, on sait quand ça commence...
0%
2024 Unfrosted : L'épopée de la Pop-Tart
0%
Aucun quiz correspondant
Distribution des résultats
% des personnes avec chaque résultat
Percentile par nombre de réponses
Votre historique - résultats
Vous n’avez pas pris ce quiz